Ainsworth & Bisby's Dictionary of the fungi.

Guardado en:
Autor Principal: Ainsworth, G. C. 1905-1998.
Otros Autores: Bisby, Guy Richard, 1889-1958.
Formato: Libro
Idioma:English
Publicado: Kew, Surrey : Commonwealth Mycological Institute, 1961.
Edición:5th ed. /
Materias:
Etiquetas: Agregar Etiqueta
Sin Etiquetas, Sea el primero en etiquetar este registro!
LEADER 00875cam a22002411a 4500
001 EEA.libagro010094
005 20140815115125.0
008 771102s1961####enkac####bd###000#0#eng##
010 |a  62001188  
040 |a DLC  |c TxBeaL  |d OCoLC  |d FMU  |d OCoLC  |d CU-Riv  |d ICarbS  |d DLC 
050 0 0 |a QK603  |b .A5 1961 
082 0 4 |a 589.203 
100 1 |a Ainsworth, G. C.  |q (Geoffrey Clough),  |d 1905-1998. 
245 0 0 |a Ainsworth & Bisby's Dictionary of the fungi. 
250 |a 5th ed. /  |b by G.C. Ainsworth. 
260 |a Kew, Surrey :  |b Commonwealth Mycological Institute,  |c 1961. 
300 |a viii, 547 p. :  |b il., retr. ;  |c 19 cm. 
504 |a Incluye referencias bibliográficas. 
650 0 |a Micología  |2 agrovoc 
650 7 |a Diccionario  |2 agrovoc 
700 1 |a Bisby, Guy Richard,  |d 1889-1958. 
740 0 |a Dictionary of the fungi. 
859 |a AR-BbBCA  |b BIB. AGRONOMIA  |h C589.203  |i A297a5  |p 1963/0105